Financovanie vzdelávania vo vybraných krajinách a jeho komparácia podľa zvolených ukazovateľov

Komparácia krajín podľa indexu znalostnej ekonomiky. Slovensko na 36. mieste zo 145 krajín sveta. Celkové výdavky na vzdelávanie vo vybraných krajinách. Percentuálny podiel celkových výdavkov na vzdelávanie na HDP vo vybraných krajinách. Výdavky na vzdelávanie pripadajúce na jedného obyvateľa krajin...

Description complète

Enregistré dans:
Détails bibliographiques
Auteur principal: Spišáková, Emília, 1983-
Format: Chapitre de livre
Langue:slovaque
Sujets:
Tags: Ajouter un tag
Pas de tags, Soyez le premier à ajouter un tag!

MARC

LEADER 00000naa$a2200000$$$4500
001 0146578
005 20240502083338.0
041 0 |a slo 
044 |a UA 
245 1 0 |a Financovanie vzdelávania vo vybraných krajinách a jeho komparácia podľa zvolených ukazovateľov  |c Emília Spišáková 
520 |a Komparácia krajín podľa indexu znalostnej ekonomiky. Slovensko na 36. mieste zo 145 krajín sveta. Celkové výdavky na vzdelávanie vo vybraných krajinách. Percentuálny podiel celkových výdavkov na vzdelávanie na HDP vo vybraných krajinách. Výdavky na vzdelávanie pripadajúce na jedného obyvateľa krajiny. Podiel verejných výdavkov na vzdelávanie na HDP v krajinách EU27 v roku 2007. Podiel súkromných výdavkov na vzdelávanie na HDP v krajinách EU27 v r. 2007. 
610 2 0 |a vzdelávanie 
610 2 0 |a financovanie 
610 2 0 |a financie 
610 2 0 |a ekonomika znalostná 
610 2 0 |a indexy 
610 2 0 |a Európska únia 
610 2 0 |a porovnanie medzinárodné 
100 1 |a Spišáková, Emília, 1983-